| 000 | 00354nam a2200145Ia 4500 | ||
|---|---|---|---|
| 008 | 191201s2008 xx 000 0 und d | ||
| 082 |
_a658.32 _bSHC |
||
| 100 | _aSHARMA,AM | ||
| 245 | 0 | _aCompensation Managment and labour... | |
| 250 | _aRep | ||
| 260 |
_aN. delhi _bHimala Publication House _c2008 |
||
| 300 | _a156 | ||
| 650 | _aMBA | ||
| 942 |
_2ddc _cBK |
||
| 999 |
_c4666 _d4666 |
||